Migration and Labour in Europe: views from Turkey and Sweden /
Furkejuvvon:
| Eará dahkkit: | |
|---|---|
| Materiálatiipa: | Dovdameahttun |
| Giella: | English |
| Almmustuhtton: |
Turquía :
Marmara University Research Center for International Relations
|
| Fáddágilkorat: |
Lasit fáddágilkoriid
Eai fáddágilkorat, Lasit vuosttaš fáddágilkora!
|
MARC
| LEADER | 00000 a2200000 04500 | ||
|---|---|---|---|
| 001 | 46909 | ||
| 003 | |||
| 008 | 050625s2003 tu eng d | ||
| 040 | |||
| 020 | |a 975-08-0617-4 | ||
| 022 | |a [sin ISBN] | ||
| 090 | |a 1001 Z63m | ||
| 100 | |a Zeybekoglu, Enrehan, |e editor | ||
| 245 | |a Migration and Labour in Europe: |b views from Turkey and Sweden / |c Emrehan Zeybekoglu, Bo Johansson, editors | ||
| 260 | |a Turquía : |b Marmara University Research Center for International Relations | ||
| 300 | |a 306 páginas : |b tablas, gráficos | ||
| 999 | |c 8668 |d 8668 | ||



